000 00522nam a2200181 4500
003 OSt
005 20240722015554.0
006 a
008 240722b |||||||| |||| 00| 0 eng d
020 _a9781856175500
040 _aDWCL-Main lib.
_cOC
082 _aCirc. 624.171 W721s 2009
100 _aWilliams, Alan
245 _aStructural analysis: in theory and practice /
260 _aAmsterdam:
_bElsevier/Butterworth-Heinemann,
_cc2009.
300 _axi,
_b617 p. : ill. ;
_c23 cm.
942 _2ddc
_n0
_cBK-CIRC
_kCirc.
999 _c2486
_d2486